Library Banner

Badshahi se jilawatni s-Bahadur Shah Zafar = بادشاہی سے جلا وطنی ۔ بہادر شاہ ظفر / (Record no. 114324)

MARC details
000 -LEADER
fixed length control field 00665nam a22001697a 4500
005 - DATE AND TIME OF LATEST TRANSACTION
control field 20191113094621.0
008 - FIXED-LENGTH DATA ELEMENTS--GENERAL INFORMATION
fixed length control field 191022b ||||| |||| 00| 0 eng d
020 ## - INTERNATIONAL STANDARD BOOK NUMBER
International Standard Book Number 9789696520597
040 ## - CATALOGING SOURCE
Transcribing agency PK-LaUMT
082 ## - DEWEY DECIMAL CLASSIFICATION NUMBER
Classification number MSC 923.1
Item number BAH-B
100 ## - MAIN ENTRY--PERSONAL NAME
Personal name Bahadur Shah Zafar = بہادر شاہ ظفر
245 ## - TITLE STATEMENT
Title Badshahi se jilawatni s-Bahadur Shah Zafar = بادشاہی سے جلا وطنی ۔ بہادر شاہ ظفر /
Statement of responsibility, etc by Bahadur Shah Zafar; compiled by Farrukh Sohail Goindi = از بہادر شاہ ظفر؛ مرتب فرخ سہیل گوئندی
260 ## - PUBLICATION, DISTRIBUTION, ETC. (IMPRINT)
Place of publication, distribution, etc Lahore :
Name of publisher, distributor, etc Jumhoori Publications,
Date of publication, distribution, etc 2016
300 ## - PHYSICAL DESCRIPTION
Extent 160 p.
546 ## - LANGUAGE NOTE
Language note Urdu
942 ## - ADDED ENTRY ELEMENTS (KOHA)
Koha item type Books
Holdings
Withdrawn status Lost status Damaged status Home library Current library Date acquired Full call number Barcode Date last seen Price effective from Koha item type
      UMT Main Campus UMT Main Campus 2019-10-22 MSC 923.1 BAH-B 112588 2019-10-22 2019-10-22 Books